Handwriting: The art of fast and legible handwriting (Record no. 24210)

MARC details
000 -LEADER
fixed length control field 00299nam a2200109Ia 4500
082 ## - DEWEY DECIMAL CLASSIFICATION NUMBER
Classification number 003.052
Item number DUM
100 ## - MAIN ENTRY--AUTHOR NAME
Personal name Dumpleton, Johnle F
245 #0 - TITLE STATEMENT
Title Handwriting: The art of fast and legible handwriting
260 ## - PUBLICATION, DISTRIBUTION, ETC. (IMPRINT)
Place of publication London
Name of publisher Compton
Year of publication 1973
942 ## - ADDED ENTRY ELEMENTS (KOHA)
Koha item type Books
Holdings
Withdrawn status Lost status Damaged status Not for loan Home library Current library Date acquired Cost, normal purchase price Full call number Accession Number Koha item type
        RRII Library RRII Library 16/12/2021 0.40 003.052 DUM 04894 Books